Závan spirituality

Bibliographic Details
Main Author: Patry, Fernand (apd)
Other Authors: Kollárová, K. Katarína (Translator)
Format: Article
Language:Slovak
PhysicalDescription:Obr.
ISSN:1335-8340
Subjects:

MARC

LEADER 00000nab a2200000 a 4500
001 vtls001495198
003 SK-MaSNL
005 20260304205747.0
008 050218c2003 xo 0 slo
015 |a SNBCL2005/2 
040 |a SLKCL  |b slo  |c SNKBUCL  |e AACR2 
041 |a slo 
044 |a xo  |c SK 
080 |a 616.24-002.155:2  |2 1981 
100 1 |a Patry, Fernand  |4 apd  |u Order of Preachers, Chapel Worker, University of Montreal hospital centre, Montreal  |9 1540269 
245 1 0 |a Závan spirituality  |c Fernand Patry, K. Kollárová 
300 |b Obr. 
650 0 7 |a psychológia  |2 MESH  |9 807 
650 0 7 |a spiritualita  |2 MESH  |9 18684 
650 0 7 |a náboženstvo  |2 MESH  |9 2023 
650 0 7 |a cystická fibróza  |2 SNKPH  |9 29100 
700 1 |a Kollárová, K.  |q Katarína  |4 trl  |9 1239150 
773 0 |w SERIAL_GENERAL*000273*2003*003*001  |x 1335-8340  |t INFO CF  |g Č. 10 (2003), s. 53-54 
850 |a Slovenská lekárska knižnica v Bratislave  |a BA006 
852 |a BA006  |b KIS3GCP  |b 000500000 
999 |c 3122849  |d 3124779